MARC

Tag First Indicator Second Indicator Subfields
LEADER 00000cam a2200000 i 4500
001 in00004069721
005 20191021080350.0
006 m o d f
007 cr |||||||||||
008 161027s1940 dcu o f001 0 eng c
035 |a (OCoLC)ocn961276544 
040 |a COP  |b eng  |e rda  |e pn  |c COP  |d OCLCO  |d OCLCF  |d GPO  |d MvI  |d UtOrBLW 
042 |a pcc 
043 |a n-uso-- 
049 |a WWW 
074 |a 0625 (online) 
086 0 |a I 19.13:853 
100 1 |a Grover, Nathan Clifford,  |d 1868-1956,  |e author.  |0 http://id.loc.gov/authorities/names/no2002073774 
245 1 0 |a Surface water supply of the United States, 1938.  |n Part 3,  |p Ohio River Basin /  |c by Nathan C. Grover [and eleven others]. 
264 1 |a [Washington, D.C.] :  |b United States Department of the Interior, Geological Survey,  |c 1940. 
264 2 |a Washington :  |b United States Government Printing Office 
300 |a 1 online resource (vii, 418 pages). 
336 |a text  |b txt  |2 rdacontent 
337 |a computer  |b c  |2 rdamedia 
338 |a online resource  |b cr  |2 rdacarrier 
490 1 |a Water-supply paper ;  |v 853 
500 |a "Prepared in cooperation with the states of Illinois, Indiana, Kentucky, Maryland, New York, North Carolina, Pennsylvania, Tennessee, Virginia, and West Virginia." 
500 |a Includes index. 
588 |a Description based on online resource, PDF version; title from title page (USGS, viewed June 17, 2015). 
650 0 |a Stream measurements  |z Ohio River Watershed. 
650 0 |a Water quality  |z Ohio River Watershed. 
650 0 |a Water resources development  |z Ohio River Watershed. 
650 0 |a Water-supply  |z Ohio River Watershed. 
650 7 |a Stream measurements.  |2 fast  |0 (OCoLC)fst01134581 
650 7 |a Water quality.  |2 fast  |0 (OCoLC)fst01171832 
650 7 |a Water resources development.  |2 fast  |0 (OCoLC)fst01171955 
650 7 |a Water-supply.  |2 fast  |0 (OCoLC)fst01172350 
651 7 |a Ohio River Watershed.  |2 fast  |0 (OCoLC)fst01265156 
710 2 |a Geological Survey (U.S.),  |e issuing body.  |0 http://id.loc.gov/authorities/names/n80092173 
710 1 |a Illinois.  |0 http://id.loc.gov/authorities/names/n79053746 
710 1 |a Indiana.  |0 http://id.loc.gov/authorities/names/n79022925 
710 1 |a Kentucky.  |0 http://id.loc.gov/authorities/names/n79018583 
710 1 |a Maryland.  |0 http://id.loc.gov/authorities/names/n79029831 
710 1 |a New York (State)  |0 http://id.loc.gov/authorities/names/n80126293 
710 1 |a North Carolina.  |0 http://id.loc.gov/authorities/names/n79007042 
710 1 |a Pennsylvania.  |0 http://id.loc.gov/authorities/names/n79022911 
710 1 |a Tennessee.  |0 http://id.loc.gov/authorities/names/n79060965 
710 1 |a West Virginia.  |0 http://id.loc.gov/authorities/names/n79059831 
776 0 8 |i Print version:  |a Grover, Nathan Clifford  |t Surface water supply of the United States, 1938. Part 3, Ohio River Basin  |w (OCoLC)20314915 
830 0 |a Water-supply paper (Washington, D.C.) ;  |v no. 853.  |0 http://id.loc.gov/authorities/names/n86747817 
856 4 0 |u https://purl.fdlp.gov/GPO/gpo118569  |t 0 
999 f f |s d9d740c0-cfd2-3dea-b138-2c714a8543c4  |i f4ee42b7-252e-3b1f-834a-20f24201ecb3  |t 0 
952 f f |a Texas A&M University  |b College Station  |c Electronic Resources  |d Available Online  |t 0  |e I 19.13:853  |h Superintendent of Documents classification 
998 f f |a I 19.13:853  |t 0  |l Available Online